| 000 | 00569nam a2200181Ia 4500 | ||
|---|---|---|---|
| 003 | OSt | ||
| 005 | 20240611115754.0 | ||
| 008 | 210210b1958 xxu||||| |||| 00| 0 eng d | ||
| 040 | _cAL | ||
| 041 | _akan | ||
| 082 | _a859/882 | ||
| 100 |
_aNARASIMHAMURTI (K) _9145248 _dನರಸಿಂಹಮೂರ್ತಿ (ಕೆ) Ed |
||
| 245 |
_aAtyuttama sanna kathegalu _bಅತ್ತ್ಯುತ್ತಮ ಸಣ್ಣ ಕಥೆಗಳು |
||
| 260 |
_aBengaluru _bKannada Sahithya Parishattu _c1958 |
||
| 690 |
_aKannada Fiction _9145249 |
||
| 906 | _a021642 | ||
| 942 |
_2ddc _cBK |
||
| 999 |
_c145738 _d145738 |
||